Стратегия и практика обучения иностранных граждан в инновационном университете: сборник материалов Всероссийского семинара (с международным участием), г. Томск, 22-23 ноября 2012 г.

Bibliografische gegevens
Coauteurs: Стратегия и практика обучения иностранных граждан в инновационном университете семинар, Национальный исследовательский Томский политехнический университет (ТПУ)
Andere auteurs: Петровская Т. С. Татьяна Семёновна (редактор), Михалева Е. В. Елена Владимировна, Гузарова Н. И. Надежда Ивановна, Волкова Т. Ф. Татьяна Фёдоровна
Samenvatting:посвященный 10-летию подготовительного отделения и кафедры русского языка как иностранного Института международного образования и языковой коммуникации Томского политехнического университета
В сборнике рассматривают вопросы, связанные с историей подразделений, анализом накопленного опыта и стратегией будущего развития в рамках реформирования высшей школы РФ. Особое внимание уделяется месту и роли предвузовской подготовки иностранных граждан в системе международного образования российских вузов, проблемам применения инновационных подходов и технологий развития лингвистических и профессиональных компетенций иностранных студентов, а также когнитивным и этнопсихологическим основам преподавания русского языка как иностранного
Taal:Russisch
Gepubliceerd in: Томск, Изд-во ТПУ, 2013
Onderwerpen:
Online toegang:http://www.lib.tpu.ru/fulltext/c/2012/C35/C35.pdf
Formaat: MixedMaterials Elektronisch Boek
KOHA link:https://koha.lib.tpu.ru/cgi-bin/koha/opac-detail.pl?biblionumber=602925

MARC

LEADER 00000nam0a2200000 4500
001 602925
005 20240112112627.0
035 |a (RuTPU)RU\TPU\conf\42 
035 |a RU\TPU\conf\41 
090 |a 602925 
100 |a 20131008d2013 k y0rusy50 ca 
101 0 |a rus 
102 |a RU 
105 |a y z 100zy 
135 |a drcn ---uucaa 
181 0 |a i  
182 0 |a b 
200 1 |a Стратегия и практика обучения иностранных граждан в инновационном университете  |e сборник материалов Всероссийского семинара (с международным участием), г. Томск, 22-23 ноября 2012 г.  |f Национальный исследовательский Томский политехнический университет (ТПУ) ; под ред. Т. С. Петровской [и др.] 
203 |a Текст  |c электронный 
210 |a Томск  |c Изд-во ТПУ  |d 2013 
300 |a посвященный 10-летию подготовительного отделения и кафедры русского языка как иностранного Института международного образования и языковой коммуникации Томского политехнического университета 
330 |a В сборнике рассматривают вопросы, связанные с историей подразделений, анализом накопленного опыта и стратегией будущего развития в рамках реформирования высшей школы РФ. Особое внимание уделяется месту и роли предвузовской подготовки иностранных граждан в системе международного образования российских вузов, проблемам применения инновационных подходов и технологий развития лингвистических и профессиональных компетенций иностранных студентов, а также когнитивным и этнопсихологическим основам преподавания русского языка как иностранного 
337 |a Adobe Reader 
606 1 |a Иностранные языки  |x Методика преподавания  |2 stltpush  |3 (RuTPU)RU\TPU\subj\12658  |9 39408 
610 1 |a электронный ресурс 
610 1 |a труды учёных ТПУ 
610 1 |a материалы конференций 
610 1 |a иностранные языки 
610 1 |a русский язык 
610 1 |a русский язык как иностранный 
610 1 |a высшая школа 
610 1 |a реформирование 
610 1 |a иностранные граждане 
610 1 |a инновационные подходы 
610 1 |a лингвистические методы 
610 1 |a иностранные студенты 
610 1 |a стажировки 
610 1 |a социальная адаптация 
610 1 |a компетенция 
610 1 |a трудности 
686 |a Ш12-9л0  |2 rubbk 
702 1 |a Петровская  |b Т. С.  |c химик-технолог  |c доцент Томского политехнического университета, кандидат технических наук  |c заместитель проректора по образовательной и международной деятельности  |f 1954-  |g Татьяна Семёновна  |3 (RuTPU)RU\TPU\pers\24483  |4 340 
702 1 |a Михалева  |b Е. В.  |c лингвист  |c доцент Томского политехнического университета, кандидат филологических наук  |f 1965-  |g Елена Владимировна  |3 (RuTPU)RU\TPU\pers\28711  |4 340 
702 1 |a Гузарова  |b Н. И.  |c историк  |c доцент Томского политехнического университета, кандидат исторических наук  |f 1955-  |g Надежда Ивановна  |3 (RuTPU)RU\TPU\pers\26631  |4 340 
702 1 |a Волкова  |b Т. Ф.  |c лингвист  |c доцент Томского политехнического университета, кандидат филологических наук  |f 1974-  |g Татьяна Фёдоровна  |3 (RuTPU)RU\TPU\pers\24589  |4 340  |9 10887 
712 1 2 |a Стратегия и практика обучения иностранных граждан в инновационном университете  |b семинар  |e Томск  |f 2012 
712 0 2 |a Национальный исследовательский Томский политехнический университет (ТПУ)  |c (2009- )  |3 (RuTPU)RU\TPU\col\15902 
801 2 |a RU  |b 63413507  |c 20150423  |g RCR 
856 4 |u http://www.lib.tpu.ru/fulltext/c/2012/C35/C35.pdf 
942 |c BK